Сборник задач по математике: в 2 ч.; учебное пособие

التفاصيل البيبلوغرافية
اللغة:الروسية
منشور في: Томск, Изд-во ТПУ, 2016
الطبعة:2-е изд.
التنسيق: كتاب
KOHA link:https://koha.lib.tpu.ru/cgi-bin/koha/opac-detail.pl?biblionumber=322430

MARC

LEADER 00000nam1a2200000 4500
001 322430
005 20250711173227.0
035 |a (RuTPU)RU\TPU\book\347989 
090 |a 322430 
100 |a 20160927g20162016m y0rusy50 ca 
101 0 |a rus 
102 |a RU 
181 0 |a i  
182 0 |a b 
200 1 |a Сборник задач по математике  |e в 2 ч.  |e учебное пособие  |f Л. Б. Гиль, А. В. Тищенкова  |g Национальный исследовательский Томский политехнический университет (ТПУ), Юргинский технологический институт (филиал) (ЮТИ), Кафедра информационных систем (ИС) 
203 |a Текст  |c электронный 
205 |a 2-е изд. 
210 |a Томск  |c Изд-во ТПУ  |d 2016 
801 1 |a RU  |b 63413507  |c 20110929 
801 2 |a RU  |b 63413507  |c 20160927  |g RCR 
850 |a 63413507 
942 |c CF